000 nam a22 7a 4500
999 _c10554
_d10554
008 180219b ||||| |||| 00| 0 eng d
100 _aSrivastava,V.
_96459
245 _aInnovate: A New Generation Computer-5
260 _aNew Delhi
_bSapphire
_c2012